000 00384nam a22001577a 4500
003 OSt
008 240420b |||||||| |||| 00| 0 eng d
020 _a9789354240027
082 _a005.133 MOH
100 _aMOTWANI, Bharti
245 _aHR Analytics : Practical approach using Python
250 _a1st Ed
260 _a New Delhi
_bWiley
_c2021
300 _a659
942 _2ddc
_cBK
999 _c12533
_d12533